000 00652nam a2200193Ia 4500
003 GCL
008 140319s9999 xx 000 0 ara d
040 _aGCL /
_cGCL
082 0 4 _a811.9
_bم م
100 1 _aلجنة الشعر بالمجلس الاعلى للثق
245 1 0 _aمنتخبات من الشعر العربى الحديث /
_cلجنة الشعر بالمجلس الاعلى للثق
260 _a[S.N] :
_bالمجلس الاعلى للثقافة ،
_c1988
300 _a6700 ص
490 _a
650 0 4 _aالشعر العربى
650 0 4 _aالعصر الحديث
650 0 4 _aدواوين وقصائد
942 _2ddc
_cBK
999 _c55593
_d55593